| 000 | 00866nam a22002057a 4500 | ||
|---|---|---|---|
| 999 |
_c59339 _d59339 |
||
| 003 | Ge_BSU | ||
| 005 | 20230125113441.0 | ||
| 008 | 230125s2021 ge ||||| |||| 00| 0 geo d | ||
| 020 | _a9789941839498 | ||
| 041 | _ageo | ||
| 080 |
_a821.353.1-94 ს-51 _x |
||
| 100 |
_aცეცხლაძე, შოთა _91699 |
||
| 245 |
_aწერა, ძმაკაცები და მეგობრები / _cშოთა ცეცხლაძე ; რედაქტორი პაატა ფუტკარაძე. |
||
| 264 |
_aბათუმი, _b _c2021. |
||
| 300 |
_a189 გვ. ; _b20.5 სმ. |
||
| 653 | _aქართული მემუარული ლიტერატურა | ||
| 700 |
_aფუტკარაძე, პაატა _eრედაქტორი _916779 |
||
| 773 | _tნაჩუქარი | ||
| 942 |
_2udc _cBK |
||